En deuda con los derechos humanos y el DIH: Diversas miradas críticas en Medellin - 2003
Se reseña el ambiente global de Colombia donde los temas de Seguridad Democrática o la ley de Alternatividad Penal tocam hoy culaquier decisión frente a nuestros diversos conflictos, para luego hacer una síntesis en esta introducción del ámbito local lógicamente lo que se complementa con el variado...
Saved in:
| 企業作者: | |
|---|---|
| 格式: | 圖書 |
| 語言: | Spanish |
| 出版: |
Medellin:
Instituto Popular de Capacitación, IPC,
2004
|
| 叢編: | Relecturas;
|
| 主題: | |
| 在線閱讀: | Enlace del recurso |
| 標簽: |
添加標簽
沒有標簽, 成為第一個標記此記錄!
|
MARC
| LEADER | 00000nam a2200000 a 4500 | ||
|---|---|---|---|
| 001 | 001590 | ||
| 008 | 081229p2004 ck spa | ||
| 020 | |a 958-97019-9-x | ||
| 082 | 0 | 4 | |a 323.4/ |b I597d |
| 110 | |a Instituto Popular de Capacitación | ||
| 245 | 1 | 3 | |a En deuda con los derechos humanos y el DIH: |b Diversas miradas críticas en Medellin - 2003 |c Instituto Popular de Capacitación ...[et al] |
| 260 | |a Medellin: |b Instituto Popular de Capacitación, IPC, |c 2004 | ||
| 300 | |a 264P. | ||
| 440 | |a Relecturas; |n 27 | ||
| 520 | |a Se reseña el ambiente global de Colombia donde los temas de Seguridad Democrática o la ley de Alternatividad Penal tocam hoy culaquier decisión frente a nuestros diversos conflictos, para luego hacer una síntesis en esta introducción del ámbito local lógicamente lo que se complementa con el variado contenido de análisis en el interior de esta publicación . | ||
| 650 | 1 | |a DERECHOS HUMANOS | |
| 650 | |a DERECHO INTERNACIONAL HUMANITARIO | ||
| 650 | |a VIOLENCIA | ||
| 650 | |a CONFLICTO URBANO -- |z MEDELLIN | ||
| 999 | |c 3742 |d 3742 | ||
| 856 | |u https://catalogo.idep.edu.co/cgi-bin/koha/opac-detail.pl?biblionumber=3742 |z Enlace del recurso | ||